Loading...
| Fine Arts - Classical Music | 0 | 6 | 0 | 2 | 60 | 112 | 127.67 | 0 | 1 | 0.00 | 0.00 |
| Mythology | 0 | 5 | 0 | 1 | 50 | 81 | 106.40 | 1 | 2 | 0.00 | 0.00 |
| Religion | 0 | 5 | 0 | 1 | 50 | 53 | 112.60 | 1 | 1 | 0.00 | 0.00 |
| History - European | 0 | 4 | 0 | 0 | 40 | 51 | 76.00 | 0 | 3 | 0.00 | 0.00 |
| Literature - British | 0 | 2 | 0 | 1 | 20 | 80 | 99.50 | 0 | 0 | 0.00 | 0.00 |
| History - American | 0 | 2 | 0 | 0 | 20 | 44 | 62.50 | 1 | 2 | 0.00 | 0.00 |
| History - Other | 0 | 2 | 0 | 0 | 20 | 89 | 92.50 | 0 | 1 | 0.00 | 0.00 |
| Literature - American | 0 | 2 | 0 | 0 | 20 | 84 | 109.50 | 0 | 1 | 0.00 | 0.00 |
| Literature - World | 0 | 2 | 0 | 0 | 20 | 128 | 131.50 | 0 | 0 | 0.00 | 0.00 |
| History - World | 0 | 2 | 1 | 0 | 15 | 41 | 46.50 | 0 | 1 | 0.00 | 0.00 |
| Social Science | 0 | 1 | 0 | 0 | 10 | 94 | 94.00 | 0 | 0 | 0.00 | 0.00 |
| Fine Arts - Painting and Sculpture | 0 | 1 | 0 | 0 | 10 | 94 | 94.00 | 0 | 1 | 0.00 | 0.00 |
| Science - Chemistry | 0 | 1 | 0 | 0 | 10 | 125 | 125.00 | 0 | 0 | 0.00 | 0.00 |
| Fine Arts - Other | 0 | 1 | 0 | 0 | 10 | 122 | 122.00 | 0 | 0 | 0.00 | 0.00 |
| Science - Physics | 0 | 1 | 1 | 0 | 5 | 101 | 101.00 | 0 | 0 | 0.00 | 0.00 |
| Literature - European | 0 | 0 | 1 | 0 | -5 | 0.00 | 0 | 0 | 0.00 | 0.00 |